Regions of the Star Wars Galaxy On a Map - Statistics

General Stats
  • This quiz has been taken 92 times
  • The average score is 5 of 12
Answers on the Map
Answers color-coded by a green-red scale on the quiz's map according to % correct below.
 
Answer Stats
Answer % Correct
Outer Rim
93%
Core
77%
Inner Rim
72%
Unknown Regions
64%
Mid Rim
52%
Hutt Space
49%
Wild Space
30%
Deep Core
26%
Colonies
25%
Expansion Region
23%
Corporate Sector
11%
Bothan Space
7%
No matching quizzes found
Score Distribution
Percent of People with Each Score
Percentile by Number Answered
Your Score History
You have not taken this quiz